Estadística para administración y economía

Պահպանված է:
Մատենագիտական մանրամասներ
Հիմնական հեղինակներ: Anderson, David R (Հեղինակ), Sweeney, Dennis J (Հեղինակ), Williams, Thomas A (Հեղինակ)
Ձևաչափ: Գիրք
Լեզու:իսպաներեն
Հրապարակվել է: Ciudad de México International Thomson 2004
Հրատարակություն:8a. ed
Խորագրեր:
Ցուցիչներ: Ավելացրեք ցուցիչ
Չկան պիտակներ, Եղեք առաջինը, ով նշում է այս գրառումը!

MARC

LEADER 00000nam a2200000 a 4500
001 UCK5690
003 CL-VaPUC
008 050819e20040000MX |||||||||||||||||spa|d
020 |a 9706862781 
082 0 4 |a 330.015195  |b AND  |2 21 
100 0 |a Anderson, David R  |e author  |9 494602 
700 0 |a Sweeney, Dennis J  |e author  |9 494603 
700 0 |a Williams, Thomas A  |e author  |9 494604 
245 1 0 |a Estadística para administración y economía 
250 |a 8a. ed 
300 |a 884 p 
942 |c BK 
945 |d 20050819 00:00:00  |a cmena 
260 |a Ciudad de México  |b International Thomson  |c 2004 
650 0 |a Estadística descriptiva  |9 366209 
650 0 |a Probabilidades   |9 260199 
650 0 |a Regresión lineal   |9 362689 
650 0 |a Regresión múltiple  |9 424908 
650 7 |a METODOS NO PARAMETRICOS  |2 CL-VaPUC  |9 407136 
650 0 |a Análisis de regresión   |9 263763 
650 0 |a Análisis de varianza   |9 336938 
583 |a last modification  |c 20050819 00:00:00  |k Rodrigo Vera 
999 |c 314185  |d 314183 
952 |0 0  |1 0  |4 0  |6 330_015195000000000_AND_2004  |7 0  |8 A  |9 386182  |a BIBGIM  |b BIBGIM  |d 2019-11-22  |i 4157745  |o 330.015195 AND 2004  |p 4157745  |r 2025-01-15  |w 2019-11-22  |y BK  |k EST 
952 |0 0  |1 0  |4 0  |6 330_015195000000000_AND_2004  |7 0  |8 A  |9 386183  |a BIBGIM  |b BIBGIM  |d 2019-11-22  |i 4157753  |o 330.015195 AND 2004  |p 4157753  |r 2025-01-15  |w 2019-11-22  |y BK  |k EST 
952 |0 0  |1 0  |4 0  |6 330_015195000000000_AND_2004  |7 0  |8 A  |9 386184  |a BIBGIM  |b BIBGIM  |d 2019-11-22  |i 4157761  |o 330.015195 AND 2004  |p 4157761  |r 2025-01-15  |w 2019-11-22  |y BK  |k EST 
952 |0 0  |1 0  |4 0  |6 330_015195000000000_AND_2004  |7 0  |8 A  |9 386185  |a BIBGIM  |b BIBGIM  |d 2019-11-22  |i 415777K  |o 330.015195 AND 2004  |p 415777K  |r 2025-01-15  |w 2019-11-22  |y BK  |k EST 
952 |0 0  |1 0  |4 0  |6 330_015195000000000_AND_2004  |7 0  |8 A  |9 386186  |a BIBGIM  |b BIBGIM  |d 2019-11-22  |i 4157788  |o 330.015195 AND 2004  |p 4157788  |r 2025-01-15  |w 2019-11-22  |y BK  |k EST 
952 |0 0  |1 0  |4 0  |6 330_015195000000000_AND_2004  |7 0  |8 A  |9 386187  |a BIBGIM  |b BIBGIM  |d 2019-11-22  |i 4157796  |o 330.015195 AND 2004  |p 4157796  |r 2025-01-15  |w 2019-11-22  |y BK  |k EST 
952 |0 0  |1 0  |4 0  |6 330_015195000000000_AND_2004  |7 0  |8 A  |9 386188  |a BIBGIM  |b BIBGIM  |d 2019-11-22  |i 415780K  |o 330.015195 AND 2004  |p 415780K  |r 2025-01-15  |w 2019-11-22  |y BK  |k EST 
952 |0 0  |1 0  |4 0  |6 330_015195000000000_AND_2004  |7 0  |8 A  |9 386189  |a BIBGIM  |b BIBGIM  |d 2019-11-22  |i 4157818  |o 330.015195 AND 2004  |p 4157818  |r 2025-01-15  |w 2019-11-22  |y BK  |k EST 
952 |0 0  |1 0  |4 0  |6 330_015195000000000_AND_2004  |7 0  |8 A  |9 386190  |a BIBGIM  |b BIBGIM  |d 2019-11-22  |i 4223306  |o 330.015195 AND 2004  |p 4223306  |r 2025-01-15  |w 2019-11-22  |y BK  |k EST 
952 |0 0  |1 0  |4 0  |6 330_015195000000000_AND_2004  |7 0  |8 A  |9 386191  |a BIBGIM  |b BIBGIM  |d 2019-11-22  |i 4223314  |o 330.015195 AND 2004  |p 4223314  |r 2025-01-15  |w 2019-11-22  |y BK  |k EST 
952 |0 0  |1 0  |4 0  |6 330_015195000000000_AND_2004  |7 0  |8 A  |9 386192  |a BIBGIM  |b BIBGIM  |d 2019-11-22  |i 4223322  |o 330.015195 AND 2004  |p 4223322  |r 2025-01-15  |w 2019-11-22  |y BK  |k EST